000 00549nam a2200217 a 4500
001 0001-1969
003 ELIB.Books
008 190122 2010 eng
020 _aKBTS
092 _a259.2 Sen
_bSen
100 _aSengele, Mark.
245 _a Basics
260 _aSaint Louis
_bConcordia Publishing House
_c2002
300 _a156
_c20.6 cm
650 _aYouth Religious Life
856 _nKBTS Library
_uKBTS Elib
942 _2ddc
_cBK
990 _a2
998 _aEnglishbooks.elf
_ccat
_e2019-01-22
999 _c11969
_d11969